Statistics for Airbus Fleet

Click here to take the quiz!

General Stats

  • This quiz has been taken 34 times
  • The average score is 12 of 15

Answer Stats

Answer% Correct
A320
96%
A330
96%
A300
93%
A310
93%
A319
93%
A350
93%
A380
93%
A318
89%
A321
89%
A340
89%
A220
78%
A321neo
70%
A320neo
67%
A320ceo
41%
A321ceo
41%

Score Distribution

Percentile by Number Answered

Percent of People with Each Score

Your Score History

You have not taken this quiz